000 00477nam a2200181Ia 4500
999 _c19467
_d19467
003 OSt
005 20200622115421.0
008 190216s9999||||xx |||||||||||||| ||und||
040 _coclc
082 _a954
_bPRA/S
100 _aPrasad , Lallan
_91375
245 0 _aStudies In Indian History /
_cL Prasad
250 _a2nd Ed,
260 _bBookhive,
_aNew Delhi:
300 _a508p
650 _aHistory
942 _cBK
_2ddc
_h954
_iPRA/S
_k954
_mPRA/S